Проблемы теории познания и методологии науки в естественноисторическом материализме: вторая половина XIX - начало XX в.

Manylion Llyfryddiaeth
Prif Awdur: Осипов В. И. Владимир Иосифович
Iaith:Rwseg
Cyhoeddwyd: Ленинград, Изд-во ЛГУ, 1988
Pynciau:
Fformat: Llyfr
KOHA link:https://koha.lib.tpu.ru/cgi-bin/koha/opac-detail.pl?biblionumber=19165

MARC

LEADER 00000nam0a2200000 4500
001 19165
005 20231030191548.0
010 |a 528800191X 
035 |a (RuTPU)RU\TPU\book\19325 
035 |a BOOK00004013 
090 |a 19165 
100 |a 20011209d1988 k y0rusy50 ca 
101 0 |a rus 
102 |a RU 
105 |a y z 000zy 
200 1 |a Проблемы теории познания и методологии науки в естественноисторическом материализме  |e вторая половина XIX - начало XX в.  |f В. И. Осипов 
210 |a Ленинград  |c Изд-во ЛГУ  |d 1988 
215 |a 156 с. 
610 1 |a философия 
610 1 |a естествознание 
610 1 |a история 
610 1 |a 19 век 
610 1 |a 20 век 
610 1 |a теория познания 
610 1 |a методология 
610 1 |a диалектический материализм 
686 |a Ю251.1  |v LBC/SL-A  |2 rubbk 
700 1 |a Осипов  |b В. И.  |g Владимир Иосифович 
801 0 |a RU  |b 63413507  |c 20011209  |g PSBO 
801 2 |a RU  |b 63413507  |c 20140617  |g PSBO 
942 |c BK